000 00759nam a2200193Ia 4500
008 151121s9999||||xx |||||||||||||| ||und||
082 _a781।24/अलीखां
082 _bHNW-58573
100 _aअलीखां मु। न।
245 _aमारिफुन्नगमात- तिसरा भाग
260 _b"संगीत कार्यालय, हाथरस,उत्तरप्रदेश।"
260 _c--
300 _a79
600 _aअलीखां मु। न।
630 _aमारिफुन्नगमात- तिसरा भाग
700 _aअलीखां मु। न।
730 _aमारिफुन्नगमात- तिसरा भाग
942 _cBOOK
999 _c1240381
_d1240378